[Event "32. Copenhagen Open (Politiken Cup)"]
[Site "Elsinore"]
[Date "2010.08.05"]
[Round "7"]
[White "Halldorsson, Bragi"]
[Black "Sorensen, Dick"]
[Result "1-0"]
[WhiteElo "2253"]
[BlackElo "1949"]
[PlyCount "59"]
[EventDate "2010.07.31"]
[EventType "swiss"]
[EventRounds "10"]
[EventCountry "DEN"]
[Source "ChessBase"]
[SourceDate "2010.09.01"]

1. d4 f5 2. g3 Nf6 3. Bg2 e6 4. Nf3 Be7 5. O-O O-O 6. c4 d5 7. b3 c6 8. Bb2 Qe8
9. Ne5 Nbd7 10. Nd3 Bd6 11. Nd2 e5 12. dxe5 Nxe5 13. Nxe5 Bxe5 14. Bxe5 Qxe5
15. cxd5 cxd5 16. Nf3 Qd6 17. e3 Bd7 18. Qd3 Ne4 19. Rfd1 Bc6 20. Rac1 a5 21.
Nd4 Qf6 22. f3 Ng5 23. h4 Nf7 24. Qxf5 Qd6 25. f4 Rae8 26. Qd3 Nh6 27. Nxc6
bxc6 28. Rxc6 Qa3 29. Bxd5+ Kh8 30. Rxh6 1-0

[Event "32. Copenhagen Open (Politiken Cup)"]
[Site "Elsinore"]
[Date "2010.08.05"]
[Round "7"]
[White "Hansen, Herluf"]
[Black "Thomsen, Peter"]
[Result "1/2-1/2"]
[WhiteElo "2026"]
[BlackElo "1871"]
[PlyCount "52"]
[EventDate "2010.07.31"]
[EventType "swiss"]
[EventRounds "10"]
[EventCountry "DEN"]
[Source "ChessBase"]
[SourceDate "2010.09.01"]

1. d4 Nf6 2. c4 c5 3. d5 b5 4. cxb5 a6 5. bxa6 Bxa6 6. Nc3 g6 7. e4 Bxf1 8.
Kxf1 d6 9. Nf3 Nbd7 10. g3 Bg7 11. Kg2 O-O 12. h3 Ra6 13. Qe2 Qa8 14. Rd1 e6
15. Bf4 exd5 16. exd5 Re8 17. Qc2 Nh5 18. Be3 Nb6 19. Bg5 Nf6 20. Bxf6 Bxf6 21.
Ne4 Be7 22. Qd3 Rxa2 23. Rxa2 Qxa2 24. Re1 Nxd5 25. Nxd6 Rd8 26. Qc4 Qxc4
1/2-1/2

[Event "32. Copenhagen Open (Politiken Cup)"]
[Site "Elsinore"]
[Date "2010.08.05"]
[Round "7"]
[White "Hansen, Rene Rauer"]
[Black "Percivaldi, Martin"]
[Result "1-0"]
[WhiteElo "2028"]
[BlackElo "1767"]
[PlyCount "61"]
[EventDate "2010.07.31"]
[EventType "swiss"]
[EventRounds "10"]
[EventCountry "DEN"]
[Source "ChessBase"]
[SourceDate "2010.09.01"]

1. d4 d5 2. c4 c6 3. Nf3 Nf6 4. e3 Bf5 5. Nc3 e6 6. Bd3 Bxd3 7. Qxd3 Bd6 8. O-O
O-O 9. e4 dxe4 10. Nxe4 Nxe4 11. Qxe4 Nd7 12. Rd1 Nf6 13. Qh4 Be7 14. Qf4 Qd6
15. Qe5 Rfd8 16. Bg5 h6 17. Bh4 Kf8 18. Qe2 Qc7 19. Rac1 Qa5 20. b3 Rac8 21.
Rd3 b5 22. Ne5 Qa6 23. Re1 Qb6 24. Qe3 bxc4 25. bxc4 Qa6 26. Nxf7 Re8 27. Ne5
Bb4 28. Red1 Re7 29. Bxf6 gxf6 30. Qxh6+ Rg7 31. Qh8+ 1-0

[Event "32. Copenhagen Open (Politiken Cup)"]
[Site "Elsinore"]
[Date "2010.08.05"]
[Round "7"]
[White "Hansen, Verner"]
[Black "Christensen, Bo Garner"]
[Result "0-1"]
[WhiteElo "1927"]
[BlackElo "2288"]
[PlyCount "64"]
[EventDate "2010.07.31"]
[EventType "swiss"]
[EventRounds "10"]
[EventCountry "DEN"]
[Source "ChessBase"]
[SourceDate "2010.09.01"]

1. e4 c5 2. Nc3 Nc6 3. g3 g6 4. Bg2 Bg7 5. d3 d6 6. f4 e6 7. Nf3 Nge7 8. O-O
O-O 9. Rb1 Rb8 10. Be3 Nd4 11. Ne2 Nec6 12. c3 Nxf3+ 13. Bxf3 Qa5 14. Qc2 b5
15. b3 b4 16. c4 Bb7 17. Rbd1 f5 18. exf5 gxf5 19. d4 cxd4 20. Bxc6 Bxc6 21.
Nxd4 Be4 22. Qd2 Rfe8 23. Nb5 Rxb5 24. cxb5 Qxb5 25. Qxd6 Bc3 26. Qd7 Bc6 27.
Qd3 Qb7 28. Rf2 Bb5 29. Qd6 Qe4 30. Rd4 Qxe3 31. Rd1 Qe4 32. h3 Be1 0-1

[Event "32. Copenhagen Open (Politiken Cup)"]
[Site "Elsinore"]
[Date "2010.08.05"]
[Round "7"]
[White "Hector, Jonny"]
[Black "Carlstedt, Jonathan"]
[Result "1-0"]
[WhiteElo "2584"]
[BlackElo "2379"]
[PlyCount "137"]
[EventDate "2010.07.31"]
[EventType "swiss"]
[EventRounds "10"]
[EventCountry "DEN"]
[Source "ChessBase"]
[SourceDate "2010.09.01"]

1. e4 c5 2. Nf3 d6 3. d4 cxd4 4. Nxd4 Nf6 5. Nc3 g6 6. Bc4 Bg7 7. O-O O-O 8.
Re1 Nc6 9. Bb3 Ng4 10. Nde2 Na5 11. h3 Ne5 12. Ng3 Nec4 13. Qe2 Be6 14. Nd5 Rc8
15. c3 Re8 16. Bc2 b5 17. a4 Bd7 18. axb5 e6 19. Ne3 Bxb5 20. Nxc4 Bxc4 21. Qd1
Rb8 22. Ra3 Bb5 23. Ne2 Nc4 24. Ra2 d5 25. Nd4 a6 26. Nf3 Qc7 27. Bg5 Bc6 28.
b3 dxe4 29. Bxe4 Bxe4 30. Rxe4 Nd6 31. Rh4 Nb5 32. Rc4 Qb7 33. Qd3 Qd5 34. Rd2
Qxd3 35. Rxd3 Rb7 36. Rc6 e5 37. Nd2 h6 38. Bf6 e4 39. Re3 Bxf6 40. Rxf6 Nc7
41. Rd6 a5 42. Nxe4 Reb8 43. Nc5 Rb5 44. Rc6 Nd5 45. Rd3 R5b6 46. Rxb6 Nxb6 47.
Rd6 Kg7 48. f4 Rc8 49. Ne4 Rb8 50. f5 gxf5 51. Ng3 a4 52. Nxf5+ Kf8 53. Rxh6
Kg8 54. bxa4 Nxa4 55. Rc6 Rb5 56. Rc8+ Kh7 57. Nd6 Rb3 58. c4 f6 59. Ne4 f5 60.
Rc7+ Kg6 61. Rc6+ Kg7 62. Ng5 Rb2 63. h4 Rb8 64. h5 Nb6 65. h6+ Kh8 66. Rc7 Na8
67. Rh7+ Kg8 68. Rg7+ Kh8 69. Nf7# 1-0

[Event "32. Copenhagen Open (Politiken Cup)"]
[Site "Elsinore"]
[Date "2010.08.05"]
[Round "7"]
[White "Heggum, Tore"]
[Black "Moller, Arne"]
[Result "0-1"]
[WhiteElo "1689"]
[BlackElo "1907"]
[PlyCount "54"]
[EventDate "2010.07.31"]
[EventType "swiss"]
[EventRounds "10"]
[EventCountry "DEN"]
[Source "ChessBase"]
[SourceDate "2010.09.01"]

1. e4 c5 2. Nf3 d6 3. d4 cxd4 4. Nxd4 Nf6 5. Nc3 a6 6. Bg5 e6 7. f4 Be7 8. Qf3
Qc7 9. Bd3 Nc6 10. Nxc6 bxc6 11. O-O O-O 12. Kh1 Bb7 13. e5 Ne8 14. Bxe7 Qxe7
15. Qh3 f5 16. exf6 Nxf6 17. Ne4 Nxe4 18. Bxe4 g6 19. Rae1 d5 20. Bd3 Rf6 21.
f5 Raf8 22. fxe6 Bc8 23. Qg3 Rxf1+ 24. Bxf1 Qxe6 25. Kg1 Qf6 26. c3 c5 27. Qe5
Qf2+ 0-1

[Event "32. Copenhagen Open (Politiken Cup)"]
[Site "Elsinore"]
[Date "2010.08.05"]
[Round "7"]
[White "Hobber, Anders"]
[Black "Jacobsen, Bo"]
[Result "1/2-1/2"]
[WhiteElo "2135"]
[BlackElo "2335"]
[PlyCount "35"]
[EventDate "2010.07.31"]
[EventType "swiss"]
[EventRounds "10"]
[EventCountry "DEN"]
[Source "ChessBase"]
[SourceDate "2010.09.01"]

1. d4 Nf6 2. Nf3 g6 3. Nc3 d5 4. Bf4 Bg7 5. e3 O-O 6. Be2 c5 7. Ne5 Nc6 8. O-O
Be6 9. Nxc6 bxc6 10. Be5 Qa5 11. a3 Rfd8 12. dxc5 Qxc5 13. b4 Qb6 14. Na4 Qb7
15. Nc5 Qb6 16. Na4 Qb7 17. Nc5 Qb6 18. Na4 1/2-1/2

[Event "32. Copenhagen Open (Politiken Cup)"]
[Site "Elsinore"]
[Date "2010.08.05"]
[Round "7"]
[White "Holm, Kristian Stuvik"]
[Black "Tallaksen, Levi Andre"]
[Result "1/2-1/2"]
[WhiteElo "2086"]
[BlackElo "2177"]
[PlyCount "23"]
[EventDate "2010.07.31"]
[EventType "swiss"]
[EventRounds "10"]
[EventCountry "DEN"]
[Source "ChessBase"]
[SourceDate "2010.09.01"]

1. d4 Nf6 2. c4 e6 3. Nc3 d5 4. cxd5 exd5 5. Bg5 Be7 6. e3 c6 7. Qc2 Nbd7 8.
Bd3 O-O 9. Nf3 Re8 10. O-O Nf8 11. Rab1 Be6 12. b4 1/2-1/2

[Event "32. Copenhagen Open (Politiken Cup)"]
[Site "Elsinore"]
[Date "2010.08.05"]
[Round "7"]
[White "Hornsgaard, Jens Boe"]
[Black "Brauener, Jonathan"]
[Result "0-1"]
[WhiteElo "2044"]
[BlackElo "1885"]
[PlyCount "132"]
[EventDate "2010.07.31"]
[EventType "swiss"]
[EventRounds "10"]
[EventCountry "DEN"]
[Source "ChessBase"]
[SourceDate "2010.09.01"]

1. d4 Nf6 2. c4 e6 3. Nc3 Bb4 4. e3 O-O 5. Bd3 d5 6. cxd5 exd5 7. Nge2 Re8 8.
a3 Bd6 9. f3 c5 10. Qc2 Nc6 11. O-O g6 12. Qd2 a6 13. Bb1 b6 14. Ba2 Be6 15. e4
cxd4 16. exd5 dxc3 17. Nxc3 Nxd5 18. Nxd5 Bxd5 19. Qxd5 Qc7 20. h4 Rad8 21. Qg5
Be7 22. Bf4 Bxg5 23. Bxc7 Be3+ 24. Kh2 Rd2 25. Rab1 Bd4 26. Bd5 Na7 27. Rfe1
Rc8 28. Re7 Rxc7 29. Bxf7+ Kf8 30. Rxc7 Be5+ 31. Kh3 Bxc7 32. Bc4 b5 33. Be6
Ke7 34. Bg8 h6 35. b3 Re2 36. a4 g5 37. hxg5 hxg5 38. Rc1 Bd6 39. axb5 axb5 40.
Bd5 Re5 41. Be4 Rc5 42. Re1 Kf6 43. g3 Nc6 44. Rd1 Be7 45. f4 gxf4 46. gxf4 Nd8
47. Kg4 Nf7 48. Rd5 Rc3 49. Rh5 Nd6 50. Rh6+ Kg7 51. Rh7+ Kf6 52. Rh6+ Kf7 53.
Bd5+ Kg7 54. Re6 Rc7 55. f5 Ne8 56. Rg6+ Kh7 57. Bg8+ Kh8 58. Be6 Kh7 59. Bg8+
Kh8 60. Be6 Nf6+ 61. Kg5 Rc1 62. Rh6+ Kg7 63. Rg6+ Kh8 64. Rh6+ Kg7 65. Rg6+
Kf8 66. Rxf6+ Kg7 0-1

[Event "32. Copenhagen Open (Politiken Cup)"]
[Site "Elsinore"]
[Date "2010.08.05"]
[Round "7"]
[White "Jacobsen, Fredrik Beer"]
[Black "Nielsen, Henning"]
[Result "0-1"]
[WhiteElo "1955"]
[BlackElo "2164"]
[PlyCount "84"]
[EventDate "2010.07.31"]
[EventType "swiss"]
[EventRounds "10"]
[EventCountry "DEN"]
[Source "ChessBase"]
[SourceDate "2010.09.01"]

1. d4 d5 2. c4 e6 3. Nc3 Nf6 4. cxd5 exd5 5. Bg5 Be7 6. e3 O-O 7. Qc2 c6 8. Bd3
Nbd7 9. Nge2 Re8 10. O-O Nf8 11. f3 h6 12. Bh4 b5 13. a3 Ne6 14. Bf2 a6 15. b4
a5 16. Rab1 Bd6 17. Na2 Bb7 18. Bf5 axb4 19. axb4 g6 20. Bxg6 fxg6 21. Qxg6+
Ng7 22. Nac3 Re6 23. Qc2 Qe8 24. Ng3 Nfh5 25. e4 Nxg3 26. Bxg3 Bxg3 27. hxg3
Qg6 28. g4 h5 29. f4 hxg4 30. f5 Qh6 31. fxe6 g3 32. Rf7 Nxe6 33. Rd1 Qh2+ 34.
Kf1 Qh1+ 35. Ke2 Qxg2+ 36. Kd3 Qxc2+ 37. Kxc2 Kxf7 38. exd5 cxd5 39. Nxb5 Ke7
40. Re1 Kf6 41. Nd6 Nxd4+ 42. Kb2 g2 0-1

[Event "32. Copenhagen Open (Politiken Cup)"]
[Site "Elsinore"]
[Date "2010.08.05"]
[Round "7"]
[White "Jacobsen, Heidrikur Tindskar"]
[Black "Boje, Tobias Rosholm"]
[Result "1-0"]
[WhiteElo "1993"]
[BlackElo "2028"]
[PlyCount "67"]
[EventDate "2010.07.31"]
[EventType "swiss"]
[EventRounds "10"]
[EventCountry "DEN"]
[Source "ChessBase"]
[SourceDate "2010.09.01"]

1. e4 c6 2. d4 d5 3. f3 e6 4. c3 Ne7 5. Bd3 Nd7 6. Be3 g6 7. Ne2 Bg7 8. Qd2 h5
9. Na3 e5 10. O-O O-O 11. Bh6 exd4 12. cxd4 Bxh6 13. Qxh6 Qb6 14. g4 Ne5 15.
Bc2 hxg4 16. fxg4 Bxg4 17. Rf2 Bxe2 18. dxe5 Qxb2 19. Rb1 Qxa3 20. Rxe2 Qc5+
21. Kh1 d4 22. Qf4 Rae8 23. Rg1 d3 24. Bxd3 Nc8 25. Rg5 Re6 26. Reg2 Rfe8 27.
h4 Kg7 28. Rf5 R8e7 29. h5 Rxe5 30. hxg6 fxg6 31. Rxg6+ Kxg6 32. Rf6+ Kg7 33.
Qh6+ Kg8 34. Rf8# 1-0

[Event "32. Copenhagen Open (Politiken Cup)"]
[Site "Elsinore"]
[Date "2010.08.05"]
[Round "7"]
[White "Johansen, Johnny Holler"]
[Black "Schou Moldt, Thomas"]
[Result "0-1"]
[WhiteElo "1918"]
[BlackElo "2183"]
[PlyCount "80"]
[EventDate "2010.07.31"]
[EventType "swiss"]
[EventRounds "10"]
[EventCountry "DEN"]
[Source "ChessBase"]
[SourceDate "2010.09.01"]

1. e4 c5 2. Nf3 d6 3. d3 Nc6 4. Nc3 g6 5. g3 Bg7 6. Bg2 Rb8 7. a4 b6 8. O-O e6
9. Qe2 Nge7 10. Bf4 a6 11. Nd1 O-O 12. c3 e5 13. Bd2 Na5 14. Ra3 b5 15. axb5
axb5 16. b4 Nac6 17. Ne3 f5 18. Nc2 Kh8 19. Rd1 Qe8 20. bxc5 dxc5 21. Be3 b4
22. cxb4 cxb4 23. Rb3 Be6 24. Rb2 Qc8 25. Rc1 Qa6 26. Ra1 Qb5 27. Na3 Qa5 28.
Nc2 Qc7 29. Rc1 Qd6 30. Nxb4 Rxb4 31. Bc5 Rxb2 32. Qxb2 Qb8 33. Qa3 Re8 34. Ng5
Bg8 35. exf5 gxf5 36. Bd6 Qd8 37. h4 Nd4 38. Rc7 Nc8 39. Qc5 Qxd6 40. Qa7 Nb5
0-1

[Event "32. Copenhagen Open (Politiken Cup)"]
[Site "Elsinore"]
[Date "2010.08.05"]
[Round "7"]
[White "Jonsson, Lennart"]
[Black "Bach, Matthias"]
[Result "1-0"]
[WhiteElo "2105"]
[BlackElo "2303"]
[PlyCount "109"]
[EventDate "2010.07.31"]
[EventType "swiss"]
[EventRounds "10"]
[EventCountry "DEN"]
[Source "ChessBase"]
[SourceDate "2010.09.01"]

1. d4 Nf6 2. Nf3 c5 3. e3 d6 4. h3 Nbd7 5. dxc5 Nxc5 6. Bc4 g6 7. O-O Bg7 8.
Nc3 O-O 9. Re1 Bd7 10. e4 b5 11. Nxb5 Nfxe4 12. Qe2 e6 13. Na3 Rb8 14. c3 d5
15. Bd3 Nxd3 16. Qxd3 Qb6 17. Qe2 Bc8 18. Rb1 Ba6 19. Qc2 Qd6 20. Be3 Nxc3 21.
bxc3 Qxa3 22. Bd4 Bxd4 23. cxd4 Bc4 24. Ra1 Rfc8 25. Qd2 Rb2 26. Qh6 Qf8 27.
Qf4 Bxa2 28. Ne5 f5 29. Rec1 Rbc2 30. Rxc2 Rxc2 31. Nd7 Qe7 32. Qb8+ Kg7 33.
Qxa7 Rb2 34. Qc7 Rb1+ 35. Rxb1 Bxb1 36. Qe5+ Kf7 37. Nc5 Ba2 38. Qh8 h5 39.
Qh7+ Kf8 40. Qxg6 Qf7 41. Nxe6+ Ke7 42. Qxf7+ Kxf7 43. Nf4 h4 44. g3 hxg3 45.
fxg3 Ke7 46. Kf2 Kd6 47. Ke3 Bb1 48. h4 Be4 49. Ne2 Ke7 50. Kf4 Kf6 51. Nc3 Bg2
52. Nd1 Kg6 53. Ne3 Be4 54. Ke5 Kh5 55. Nxd5 1-0

[Event "32. Copenhagen Open (Politiken Cup)"]
[Site "Elsinore"]
[Date "2010.08.05"]
[Round "7"]
[White "Jorgensen, Dennis"]
[Black "Larsen, Mikael"]
[Result "1-0"]
[WhiteElo "2216"]
[BlackElo "2088"]
[PlyCount "81"]
[EventDate "2010.07.31"]
[EventType "swiss"]
[EventRounds "10"]
[EventCountry "DEN"]
[Source "ChessBase"]
[SourceDate "2010.09.01"]

1. d4 Nf6 2. Nf3 e6 3. c4 b6 4. g3 Ba6 5. Qc2 Bb7 6. Bg2 c5 7. d5 exd5 8. cxd5
Bxd5 9. Nc3 Bb7 10. O-O Be7 11. Rd1 O-O 12. Bg5 Nc6 13. Qf5 d6 14. e4 h6 15. e5
Nxe5 16. Bxf6 Nxf3+ 17. Bxf3 Bxf3 18. Bxe7 Qxe7 19. Qxf3 Qd7 20. Rd2 Rae8 21.
Rad1 Re6 22. Ne4 Qa4 23. Nc3 Qd7 24. a4 a6 25. Qd3 Qb7 26. Qd5 Qd7 27. Qc4 Ra8
28. Ne4 Rd8 29. Rxd6 Rxd6 30. Rxd6 Qe7 31. Rxd8+ Qxd8 32. Qxa6 Qd1+ 33. Kg2 Qd5
34. f3 f5 35. Nf2 Qd8 36. Qd3 Qf6 37. b3 Kh8 38. Qd5 Kh7 39. Nd3 Kh8 40. Ne5
Kh7 41. f4 1-0

[Event "32. Copenhagen Open (Politiken Cup)"]
[Site "Elsinore"]
[Date "2010.08.05"]
[Round "7"]
[White "Jorgensen, Michael"]
[Black "Mercant Simon, Jaume"]
[Result "1-0"]
[WhiteElo "2230"]
[BlackElo "2100"]
[PlyCount "59"]
[EventDate "2010.07.31"]
[EventType "swiss"]
[EventRounds "10"]
[EventCountry "DEN"]
[Source "ChessBase"]
[SourceDate "2010.09.01"]

1. d4 e6 2. c4 f5 3. Nf3 Nf6 4. g3 d5 5. Bg2 c6 6. O-O Bd6 7. Nbd2 O-O 8. Qc2
Qe7 9. Ne1 Bd7 10. Ndf3 Be8 11. Nd3 Nbd7 12. Bf4 Bxf4 13. Nxf4 Bf7 14. cxd5
cxd5 15. Rfc1 Ne8 16. Ne5 Nb6 17. Qc5 Nd6 18. Nfd3 Rfc8 19. Qa3 Qd8 20. Nc5
Nbc4 21. Nxc4 dxc4 22. Nxb7 Nxb7 23. Bxb7 Rc7 24. Bxa8 Qxa8 25. Qe3 Qc8 26. Rc3
h6 27. Rac1 g5 28. b3 e5 29. Qxe5 Bh5 30. Rxc4 1-0

[Event "32. Copenhagen Open (Politiken Cup)"]
[Site "Elsinore"]
[Date "2010.08.05"]
[Round "7"]
[White "Jorgensen, Rasmus"]
[Black "Hansen, Mads"]
[Result "0-1"]
[WhiteElo "2098"]
[BlackElo "2165"]
[PlyCount "68"]
[EventDate "2010.07.31"]
[EventType "swiss"]
[EventRounds "10"]
[EventCountry "DEN"]
[Source "ChessBase"]
[SourceDate "2010.09.01"]

1. e4 c5 2. Nc3 a6 3. f4 b5 4. Nf3 Bb7 5. d3 e6 6. g3 d5 7. e5 Ne7 8. Bg2 Nd7
9. O-O Qb6 10. Kh1 h5 11. Nh4 g6 12. Qe2 Nc6 13. Qf2 Be7 14. f5 Ncxe5 15. fxg6
O-O-O 16. gxf7 Rdf8 17. Qe2 Bxh4 18. gxh4 b4 19. Na4 Qc6 20. b3 Nxf7 21. Bf4
Rhg8 22. c3 bxc3 23. Rac1 Rxg2 24. Qxg2 d4 25. Qxc6+ Bxc6+ 26. Kg1 Rg8+ 27. Bg3
Nfe5 28. Nxc3 Nxd3 29. Rc2 Nb4 30. Re2 dxc3 31. Rxe6 Kb7 32. a3 Nc2 33. a4 Nd4
34. Re3 c2 0-1

[Event "32. Copenhagen Open (Politiken Cup)"]
[Site "Elsinore"]
[Date "2010.08.05"]
[Round "7"]
[White "Justinussen, Sigurd B"]
[Black "Wiecker, Stefan"]
[Result "1-0"]
[WhiteElo "1941"]
[BlackElo "2188"]
[PlyCount "73"]
[EventDate "2010.07.31"]
[EventType "swiss"]
[EventRounds "10"]
[EventCountry "DEN"]
[Source "ChessBase"]
[SourceDate "2010.09.01"]

1. d4 Nf6 2. Nf3 g6 3. Bf4 Bg7 4. c3 O-O 5. Nbd2 d6 6. e4 Nc6 7. Bb5 a6 8. Be2
Qe8 9. d5 Nb8 10. O-O c5 11. Re1 Bg4 12. h3 Bxf3 13. Bxf3 Nbd7 14. Nc4 b5 15.
Na5 Ne5 16. Bxe5 dxe5 17. a4 Nd7 18. axb5 axb5 19. Qb3 Nb8 20. c4 b4 21. Qe3
Qc8 22. Nb3 Rxa1 23. Rxa1 Nd7 24. Ra5 Qc7 25. Rb5 Rc8 26. Bg4 f5 27. exf5 h5
28. Bf3 gxf5 29. Bxh5 Qd6 30. Qg5 Rf8 31. Bg6 e6 32. dxe6 Qxe6 33. Nxc5 Nxc5
34. Rxc5 Qf6 35. Qh5 Ra8 36. Rc7 Bf8 37. Qh7# 1-0

[Event "32. Copenhagen Open (Politiken Cup)"]
[Site "Elsinore"]
[Date "2010.08.05"]
[Round "7"]
[White "Knudsen, Joachim Holm"]
[Black "Hatzipanteli, Theodora"]
[Result "1-0"]
[WhiteElo "1756"]
[BlackElo "1572"]
[PlyCount "145"]
[EventDate "2010.07.31"]
[EventType "swiss"]
[EventRounds "10"]
[EventCountry "DEN"]
[Source "ChessBase"]
[SourceDate "2010.09.01"]

1. d4 Nf6 2. Bg5 Ne4 3. Bf4 d5 4. f3 Nf6 5. Nc3 e6 6. e3 Bb4 7. Bd3 O-O 8. Nge2
a6 9. a3 Be7 10. Qd2 c5 11. Ng3 Bd7 12. O-O Bc6 13. Kh1 Kh8 14. Nd1 Nbd7 15. c3
Ne8 16. Ne2 b5 17. b4 c4 18. Bc2 a5 19. Nf2 Nef6 20. Nh3 Ra7 21. Qc1 Qb6 22.
Qb1 Rfa8 23. Qb2 Qb7 24. Ra2 Ra6 25. Rfa1 Qa7 26. Bb1 Nb6 27. Qc2 Nbd7 28. Ng5
g6 29. Nxf7+ Kg7 30. Ng5 Nf8 31. Be5 Bd7 32. Nf4 Qb7 33. Bxf6+ Bxf6 34. h4 Bxg5
35. hxg5 axb4 36. axb4 Rxa2 37. Rxa2 Rxa2 38. Qxa2 Bc8 39. Qa5 Kf7 40. Ne2 Nd7
41. f4 Nb6 42. Qxb5 Qa7 43. Qa5 Qxa5 44. bxa5 Nd7 45. Bc2 Nb8 46. Ba4 Ke7 47.
Nc1 Kd6 48. Na2 Kc7 49. Be8 Nc6 50. Bf7 Nxa5 51. Bg8 Nc6 52. Kg1 Kb6 53. g4 Ne7
54. Bxh7 Ka5 55. Nc1 Ka4 56. Kf2 Ka3 57. Ke2 Kb2 58. Kd2 Bd7 59. Ne2 Ba4 60. f5
exf5 61. gxf5 Nxf5 62. Bxg6 Ng7 63. Bf7 Bc6 64. Nf4 Nf5 65. g6 Ka3 66. Ne6 Ka4
67. g7 Nxg7 68. Nxg7 Kb5 69. Nf5 Kb6 70. Ne7 Kc7 71. Nxd5+ Kd6 72. Nb6 Bb5 73.
Nxc4+ 1-0

[Event "32. Copenhagen Open (Politiken Cup)"]
[Site "Elsinore"]
[Date "2010.08.05"]
[Round "7"]
[White "Kovchan, Alexander"]
[Black "Veng, Johny"]
[Result "1-0"]
[WhiteElo "2571"]
[BlackElo "2294"]
[PlyCount "81"]
[EventDate "2010.07.31"]
[EventType "swiss"]
[EventRounds "10"]
[EventCountry "DEN"]
[Source "ChessBase"]
[SourceDate "2010.09.01"]

1. e4 c5 2. Nf3 Nc6 3. d4 cxd4 4. Nxd4 g6 5. c4 Bg7 6. Be3 Nf6 7. Nc3 O-O 8.
Be2 d6 9. O-O Bd7 10. Qd2 Nxd4 11. Bxd4 Bc6 12. f3 a5 13. b3 Nd7 14. Bf2 Nc5
15. Rab1 Re8 16. Rfd1 Be5 17. a3 Ne6 18. Nd5 Bxd5 19. cxd5 Nc5 20. Bb5 Rf8 21.
b4 axb4 22. axb4 Na6 23. f4 Bg7 24. Qe2 Qb8 25. Bb6 Rc8 26. Bd7 Rc3 27. h3 h5
28. Kh1 Kh7 29. Qd2 Qh8 30. e5 Nb8 31. Qxc3 Nxd7 32. Qc7 Nxb6 33. Qxb6 dxe5 34.
Qxb7 exf4 35. Qxe7 f3 36. Qe4 Ra3 37. d6 fxg2+ 38. Qxg2 Bf6 39. Rf1 Qd8 40.
Rbd1 Kg7 41. Rxf6 1-0

[Event "32. Copenhagen Open (Politiken Cup)"]
[Site "Elsinore"]
[Date "2010.08.05"]
[Round "7"]
[White "Krasenkova, Ilena"]
[Black "Petersen, Tom Petri"]
[Result "0-1"]
[WhiteElo "2128"]
[BlackElo "2307"]
[PlyCount "70"]
[EventDate "2010.07.31"]
[EventType "swiss"]
[EventRounds "10"]
[EventCountry "DEN"]
[Source "ChessBase"]
[SourceDate "2010.09.01"]

1. d4 Nf6 2. c4 g6 3. Nc3 Bg7 4. e4 d6 5. h3 O-O 6. Nf3 e5 7. d5 Na6 8. Bg5 h6
9. Be3 Nc5 10. Nd2 a5 11. b3 Nh7 12. a3 f5 13. f3 Nf6 14. b4 axb4 15. axb4 Rxa1
16. Qxa1 Na6 17. Qa3 Nh5 18. Bf2 Bf6 19. h4 f4 20. c5 dxc5 21. bxc5 Ng3 22.
Bxg3 fxg3 23. Bc4 Kg7 24. Bxa6 bxa6 25. Qa5 Bxh4 26. Ke2 Rf7 27. Nc4 Qf6 28. d6
Bg4 29. Rf1 Be6 30. Qxa6 c6 31. Rd1 Bh3 32. Qxc6 Bxg2 33. Kd3 Qxf3+ 34. Kc2 Qf6
35. Qd5 Bf1 0-1

[Event "32. Copenhagen Open (Politiken Cup)"]
[Site "Elsinore"]
[Date "2010.08.05"]
[Round "7"]
[White "Kristinsson, Bjarni Jens"]
[Black "Willumsen, Henrik"]
[Result "1-0"]
[WhiteElo "2044"]
[BlackElo "2165"]
[PlyCount "75"]
[EventDate "2010.07.31"]
[EventType "swiss"]
[EventRounds "10"]
[EventCountry "DEN"]
[Source "ChessBase"]
[SourceDate "2010.09.01"]

1. d4 Nf6 2. c4 g6 3. Nf3 Bg7 4. g3 O-O 5. Bg2 d6 6. O-O Nbd7 7. b3 e5 8. e3
Re8 9. Bb2 h5 10. Nc3 c6 11. d5 e4 12. Ng5 Nc5 13. Rb1 Nd3 14. Ba1 Bf5 15.
Ngxe4 Nxe4 16. Bxe4 Nxf2 17. Rxf2 Bxe4 18. Nxe4 Bxa1 19. Qf3 f5 20. Nxd6 Qxd6
21. Rxa1 Re4 22. dxc6 Qxc6 23. Rd1 Rae8 24. Rd3 Qc5 25. Re2 R8e7 26. Kf2 Qc7
27. h4 Qe5 28. Red2 Qe6 29. Rd6 Qf7 30. R2d3 Kh7 31. Qd1 f4 32. exf4 Qf5 33.
R3d5 Qh3 34. Rxh5+ Kg7 35. Qa1+ R7e5 36. Qxe5+ Rxe5 37. Rxe5 Qh2+ 38. Kf3 1-0

[Event "32. Copenhagen Open (Politiken Cup)"]
[Site "Elsinore"]
[Date "2010.08.05"]
[Round "7"]
[White "Landa, Konstantin"]
[Black "Meier, Georg"]
[Result "1/2-1/2"]
[WhiteElo "2598"]
[BlackElo "2648"]
[PlyCount "47"]
[EventDate "2010.07.31"]
[EventType "swiss"]
[EventRounds "10"]
[EventCountry "DEN"]
[Source "ChessBase"]
[SourceDate "2010.09.01"]

1. d4 e6 2. c4 Nf6 3. g3 d5 4. Bg2 dxc4 5. Qa4+ Nbd7 6. Qxc4 a6 7. Qc2 c5 8.
Nf3 b6 9. Ne5 Nd5 10. Nc6 Qc7 11. e4 N5f6 12. d5 Bb7 13. O-O Bd6 14. Nd2 O-O
15. Nc4 exd5 16. exd5 Nxd5 17. Bxd5 Bxc6 18. Rd1 Bxd5 19. Rxd5 Be7 20. Rxd7
Qxd7 21. Nxb6 Qe6 22. Nxa8 Rxa8 23. Be3 Rc8 24. a3 1/2-1/2

[Event "32. Copenhagen Open (Politiken Cup)"]
[Site "Elsinore"]
[Date "2010.08.05"]
[Round "7"]
[White "Larsen, Karsten"]
[Black "Schroer, Marcel"]
[Result "1-0"]
[WhiteElo "2293"]
[BlackElo "2106"]
[PlyCount "73"]
[EventDate "2010.07.31"]
[EventType "swiss"]
[EventRounds "10"]
[EventCountry "DEN"]
[Source "ChessBase"]
[SourceDate "2010.09.01"]

1. e4 c6 2. d4 d5 3. e5 Bf5 4. c4 e6 5. Nc3 Ne7 6. Nf3 Nd7 7. h3 dxc4 8. Bxc4
Nb6 9. Bb3 Ned5 10. O-O Be7 11. Qe2 Qd7 12. Ne4 Bxe4 13. Qxe4 h6 14. Bd2 a5 15.
a3 a4 16. Ba2 g5 17. Rfd1 Qd8 18. Rac1 Kd7 19. Ne1 Qg8 20. g3 h5 21. Nd3 Qh7
22. Qe2 Qg7 23. Kh2 Rag8 24. Rg1 Qf8 25. Ba5 g4 26. h4 Kc8 27. Kg2 Nd7 28. Bxd5
exd5 29. Nb4 Nb8 30. Nxd5 Bd8 31. Bb4 Qe8 32. Rgd1 Qd7 33. Nf4 Qf5 34. d5 Re8
35. e6 fxe6 36. dxc6 bxc6 37. Rxc6+ 1-0

[Event "32. Copenhagen Open (Politiken Cup)"]
[Site "Elsinore"]
[Date "2010.08.05"]
[Round "7"]
[White "Larsen, Tor Ketil"]
[Black "Rasmussen, Henning Lau"]
[Result "1/2-1/2"]
[WhiteElo "2022"]
[BlackElo "1867"]
[PlyCount "51"]
[EventDate "2010.07.31"]
[EventType "swiss"]
[EventRounds "10"]
[EventCountry "DEN"]
[Source "ChessBase"]
[SourceDate "2010.09.01"]

1. e4 e6 2. d4 d5 3. Nd2 c5 4. Ngf3 cxd4 5. e5 Nc6 6. Nb3 Bb4+ 7. Bd2 Bxd2+ 8.
Qxd2 Nge7 9. Nbxd4 Nxd4 10. Qxd4 Bd7 11. Bd3 Qb6 12. Qxb6 axb6 13. O-O Nc6 14.
a3 Ke7 15. Rfe1 h6 16. h4 b5 17. c3 Rhc8 18. Nd4 Nxd4 19. cxd4 Ra4 20. Rec1
Rxc1+ 21. Rxc1 Rxd4 22. Rc3 b4 23. Rb3 bxa3 24. bxa3 Bc6 25. g3 g6 26. Bb5
1/2-1/2